Practicando el poder del ahora (Registro nro. 5446)
[ vista simple ]
| 000 -Cabecera | |
|---|---|
| Campo de control de longitud fija | 00482aam a2200193 4500 |
| 005 - Fecha y hora de la última transacción | |
| Campo de control | 20231010140436.0 |
| 008 - Elementos de longitud fija--Información general | |
| Campo de control de longitud fija | 150513b2008 xxu||||| |||| 00| 0 spa d |
| 041 ## - Idioma | |
| Código de idioma | Español |
| 082 ## - Clasificación Decimal Dewey | |
| Número de clasificación | 155.23 T647p |
| 100 ## - Entrada principal--Autor personal | |
| Nombre personal | Tolle, Eckhart |
| 245 ## - Título propiamente dicho | |
| Título | Practicando el poder del ahora |
| 260 ## - Pie de imprenta | |
| Lugar de publicación, distribución, etc. | España |
| Nombre del editor, distribuidor, etc. | Alfaomega |
| Fecha de publicación, distribución, etc. | 2008 |
| 300 ## - Descripción física | |
| Extensión | 156 páginas |
| 650 ## - Materia general | |
| Temática (materia general) | SUPERACIÓN PERSONAL |
| 650 ## - Materia general | |
| Temática (materia general) | ENSEÑANZAS |
| 650 ## - Materia general | |
| Temática (materia general) | MEDITACIONES |
| 650 ## - Materia general | |
| Temática (materia general) | ESPIRITUALIDAD |
| 942 ## - Punto de acceso adicional KOHA | |
| Tipo de ítem KOHA | Literatura |
| Fuente del sistema de clasificación o colocación | Dewey Decimal Classification |
| Signatura completa | Código de barras | Tipo de ítem |
|---|---|---|
| 155.23 T647p | 16084 | Literatura |
| 155.23 T647p | 14420 | Literatura |